| 000 | 00370nam a2200133Ia 4500 | ||
|---|---|---|---|
| 005 | 20260326235448.0 | ||
| 008 | 260326s9999||||xx |||||||||||||| ||und|| | ||
| 100 | _aYazaki, Takeo | ||
| 245 | 4 |
_aThe Japanese City : _b A sociological analysis / _cTakeo Yazaki |
|
| 260 | _bJapan Publications Trading Co. | ||
| 300 | _a101 p. | ||
| 650 | _aARQUITECTURA REGIONAL | ||
| 942 | _cBK | ||
| 999 |
_c7661 _d7661 |
||